Geografía de España: seguida de un resumen de geografía portuguesa

Uloženo v:
Podrobná bibliografie
Hlavní autor: Blánquez Fraile, Agustín (autor)
Médium: Kniha
Jazyk:španělština
Vydáno: Barcelona Ramón Sopena 1943
Vydání:1a. ed
Edice:Biblioteca Hispania
Témata:
Tagy: Přidat tag
Žádné tagy, Buďte první, kdo vytvoří štítek k tomuto záznamu!

MARC

LEADER 00000cam a2200000 a 4500
001 UCI1717
003 CL-VaPUC
008 070713e19430000SP |||||||||||||||||spa|d
082 0 4 |a 946  |b BLA  |2 21 
100 |a Blánquez Fraile, Agustín  |e autor  |9 318621 
245 1 0 |a Geografía de España: seguida de un resumen de geografía portuguesa 
250 |a 1a. ed 
300 |a 828 p 
942 |c BK 
945 |d 20070713 00:00:00  |a jtorresc 
260 |a Barcelona  |b Ramón Sopena  |c 1943 
650 0 |a Geografía histórica   |9 267532 
651 0 |a España  |9 254926 
583 |a last modification  |c 20170921 03:55:06  |k Rodrigo Vera 
490 0 |a Biblioteca Hispania 
999 |c 326474  |d 326472 
952 |0 0  |1 0  |4 0  |6 946_000000000000000_BLA_1943  |7 0  |8 X  |9 408373  |a BIBHIS  |b BIBHIS  |d 2019-11-22  |i 4218035  |o 946 BLA 1943  |p 4218035  |r 2024-01-30  |w 2019-11-22  |y BK_X  |k HIS 
952 |0 0  |1 0  |3 erd  |4 0  |6 946_000000000000000_BLA_1943  |7 0  |8 X  |9 408374  |a FDOBUD  |b FDOBUD  |i 5425565  |o 946 BLA 1943  |p 5425565  |r 2019-11-22  |w 2019-11-22  |y BK_X  |z Catalogado en:20170922  |k BUD